Schaum'S Outline Of Elements Of Statistics II: Inferential Statistics/ (Record no. 175873)

MARC details
000 -LEADER
fixed length control field 00720nam a22002057a 4500
005 - DATE AND TIME OF LATEST TRANSACTION
control field 20201008143926.0
010 ## - LCCN (DPL NO)
LC control number ENG-128521
020 ## - INTERNATIONAL STANDARD BOOK NUMBER
Terms of availability 725.00
International Standard Book Number 9789389538830
035 ## - SYSTEM CONTROL NUMBER
System control number EN-112053
037 ## - SOURCE OF ACQUISITION
Source of stock number/acquisition DBAD/PUB
082 ## - DEWEY DECIMAL CLASSIFICATION NUMBER
Classification number 310
100 ## - MAIN ENTRY--PERSONAL NAME
Personal name Bernstein, Stephen
245 ## - TITLE STATEMENT
Title Schaum'S Outline Of Elements Of Statistics II: Inferential Statistics/
Statement of responsibility, etc By Ruth Bernstein, Stephen Bernstein
260 ## - PUBLICATION, DISTRIBUTION, ETC. (IMPRINT)
Place of publication, distribution, etc Chennai
Name of publisher, distributor, etc Mc Graw Hill Education
Date of publication, distribution, etc 2020
270 ## - ADDRESS
Address 444/1 Sri Ekambara Naicker Industrial Estate, Alapakkam, Porur
City Chennai
Postal code 600116
300 ## - PHYSICAL DESCRIPTION
Extent xiii, 451p.
Dimensions 28cm(pbk)
Other physical details Tables,Graphs and Formulas
500 ## - GENERAL NOTE
General note Includes Index
700 ## - ADDED ENTRY--PERSONAL NAME
Personal name Bernstein, Ruth
942 ## - ADDED ENTRY ELEMENTS (KOHA)
Source of classification or shelving scheme Dewey Decimal Classification
Item type English Books
Classification part 310
Call number suffix BER
Holdings
Withdrawn status Lost status Not for loan Collection code Home library Current library Date acquired Source of acquisition Cost, normal purchase price Full call number Barcode Cost, replacement price Koha item type
      Non-fiction Ashok Vihar Ashok Vihar 08/10/2020 DBAD/PUB 725.00 310 BER EN-112053 725.00 English Books

© Delhi Public Library
Hit Counter
free hit counter